Normal view
MARC view
- Canfield J Gharpure S Tr
Entry Personal Name
001 - CONTROL NUMBER
- control field: 28007
003 - CONTROL NUMBER IDENTIFIER
- control field: OSt
005 - DATE AND TIME OF LATEST TRANSACTION
- control field: 20220803173135.0
008 - FIXED-LENGTH DATA ELEMENTS
- fixed length control field: 220803|| aca||aabn | a|a d
040 ## - CATALOGING SOURCE
- Original cataloging agency: OSt
- Transcribing agency: OSt
100 ## - HEADING--PERSONAL NAME
- Personal name: Canfield J Gharpure S Tr
670 ## - SOURCE DATA FOUND
- Source citation: Work cat.: (OSt)17807: Canfield J 28005, Chicken Soup For The Soul At Work, 2009